Продовольственная безопасность России; Энергия молодых - экономике России; Ч. 2

Dades bibliogràfiques
Parent link:Энергия молодых - экономике России: труды VIII Международной научно-практической конференции студентов и молодых ученых, г. Томск, 19-22 марта 2007 г./ Томский политехнический университет (ТПУ) ; Вольное экономическое общество России (ВЭО России) ; Международный союз экономистов (МСЭ).— , 2007
Ч. 2.— 2007.— С. 19-21
Autor principal: Барышева Г. А. Галина Анзельмовна
Altres autors: Штумпф А. В.
Idioma:rus
Publicat: 2007
Matèries:
Format: MixedMaterials Capítol de llibre
KOHA link:https://koha.lib.tpu.ru/cgi-bin/koha/opac-detail.pl?biblionumber=232451

MARC

LEADER 00000naa2a2200000 4500
001 232451
005 20231221155318.0
035 |a (RuTPU)RU\TPU\book\253497 
035 |a RU\TPU\book\253496 
090 |a 232451 
100 |a 20130213d2007 k y0rusy50 ca 
101 0 |a rus 
102 |a RU 
200 1 |a Продовольственная безопасность России  |f Г. А. Барышева, А. В. Штумпф 
320 |a Библиогр.: с. 21 (3 назв.) 
461 0 |0 (RuTPU)RU\TPU\book\169966  |t Энергия молодых - экономике России  |o труды VIII Международной научно-практической конференции студентов и молодых ученых, г. Томск, 19-22 марта 2007 г.  |f Томский политехнический университет (ТПУ) ; Вольное экономическое общество России (ВЭО России) ; Международный союз экономистов (МСЭ)  |d 2007 
463 0 |0 (RuTPU)RU\TPU\book\168931  |t Ч. 2  |v С. 19-21  |d 2007 
610 1 |a труды учёных ТПУ 
700 1 |a Барышева  |b Г. А.  |c экономист  |c профессор Томского политехнического университета, доктор экономических наук  |f 1961-  |g Галина Анзельмовна  |3 (RuTPU)RU\TPU\pers\25765  |9 11658 
701 1 |a Штумпф  |b А. В. 
801 1 |a RU  |b 63413507  |c 20130213 
801 2 |a RU  |b 63413507  |c 20161007  |g RCR 
942 |c BK